Catálogo
 En Linea

A lo gringo: (Registro nro. 50250)

Detalles MARC
000 -CABECERA
campo de control de longitud fija 01305nam a22002777a 4500
003 - IDENTIFICADOR DEL NÚMERO DE CONTROL
campo de control DO-SdBNP
005 - FECHA Y HORA DE LA ÚLTIMA TRANSACCIÓN
campo de control 20210824095952.0
007 - CAMPO FIJO DE DESCRIPCIÓN FÍSICA--INFORMACIÓN GENERAL
campo de control de longitud fija ta
008 - DATOS DE LONGITUD FIJA--INFORMACIÓN GENERAL
campo de control de longitud fija 210823e2018 dr ac||gr|||| 001 edspa d
020 ## - NÚMERO INTERNACIONAL ESTÁNDAR DEL LIBRO
Número Internacional Estándar del Libro 9789945802214
040 ## - FUENTE DE LA CATALOGACIÓN
Centro catalogador/agencia de origen DO-SdBNP
Lengua de catalogación spa
Centro/agencia transcriptor BNPHU
041 ## - CÓDIGO DE LENGUA
Código de lengua original spa
082 ## - NÚMERO DE LA CLASIFICACIÓN DECIMAL DEWEY
Número de documento/Ítem A162a
100 1# - ENTRADA PRINCIPAL--NOMBRE DE PERSONA
9 (RLIN) 14466
Nombre de persona Abréu, Dió-genes,
Fechas asociadas al nombre 1959-
245 13 - MENCIÓN DE TÍTULO
Título A lo gringo:
Resto del título !yeah, man, así se invade un país¡. el anticomunismo de Juan Bosch y su relación con la CIA /
Mención de responsabilidad, etc. Dió-genes Abréu
246 ## - FORMA VARIANTE DE TÍTULO
Título propio/Titulo breve El anticomunismo de Juan Bosch y su relación con la CIA
260 ## - PUBLICACIÓN, DISTRIBUCIÓN, ETC.
Lugar de publicación, distribución, etc. Santo Domingo :
Nombre del editor, distribuidor, etc. Editorial Mediabyte,
Fecha de publicación, distribución, etc. 2018
300 ## - DESCRIPCIÓN FÍSICA
Extensión 476 p.:
Otras características físicas il. fotogr.
Dimensiones 23 cm
500 ## - NOTA GENERAL
Nota general La biblioteca contiene el v.1
500 ## - NOTA GENERAL
Nota general Bibliografía y notas al pié de páginas.
500 ## - NOTA GENERAL
Nota general Incluye biografía del autor en la solapa.
504 ## - NOTA DE BIBLIOGRAFÍA, ETC.
Nota de bibliografía, etc. Bibliografía, p. 469- 476
505 ## - NOTA DE CONTENIDO CON FORMATO
Título "!Le perdimos el pleito a los políticos..."¡ -Introducción.
Información miscelánea Capítulo 1.
Título América para los americanos.--
Información miscelánea Capítulo 2.
Título Terapia para gringos: El trauma del anticomunismo.--
Información miscelánea Capítulo 3.
Título Abril no empezó en abril.--
Información miscelánea Capítulo 4.
Título En esta patria Trujillo y Uncle Sam con los jefes.--
Información miscelánea Capítulo 5.
Título El anticomunismo de Bosch y su relación con la CIA.--
590 ## - NOTA LOCAL (RLIN)
Nota local Inventariado 2021 / MF
942 ## - ELEMENTOS DE PUNTO DE ACCESO ADICIONAL (KOHA)
Fuente del sistema de clasificación o colocación Dewey Decimal Classification
Tipo de ítem Koha Libro
Existencias
Estado de retiro Estado de pérdida Fuente del sistema de clasificación o colocación Restricciones de uso No para préstamo Código de colección Localización permanente Ubicación/localización actual Ubicación en estantería Fecha de adquisición Fuente de adquisición Total de préstamos Signatura topográfica completa Código de barras Fecha visto por última vez Precio válido a partir de Tipo de ítem Koha Número de copia
    Dewey Decimal Classification Excluido de préstamo Excluido de préstamo Patrimonio Dominicano Biblioteca Nacional Pedro Henríquez Ureña Patrimonio Dominicano Depósito 14.12.2018 Donado por Mediabyte   A162a 2021-25615 23.08.2021 23.08.2021 Libro y Folleto Colección Patrimonio Dominicano  
    Dewey Decimal Classification Excluido de préstamo Préstamo restrigido Patrimonio Dominicano Biblioteca Nacional Pedro Henríquez Ureña Patrimonio Dominicano Depósito 14.12.2018 Donado por Mediabyte   A162a 2021-25616 23.08.2021 23.08.2021 Libro y Folleto Colección Patrimonio Dominicano e.2

Con tecnología Koha